Papers on aggressive Christianity. (Record no. 13162)

000 -LEADER
fixed length control field 00575nam a2200181 a 4500
001 - CONTROL NUMBER
control field :::00010980$&:&@@
003 - CONTROL NUMBER IDENTIFIER
control field OkBaRHE
005 - DATE AND TIME OF LATEST TRANSACTION
control field 20000607103404.0
008 - FIXED-LENGTH DATA ELEMENTS--GENERAL INFORMATION
fixed length control field s1891 j 000 0 eng u
040 ## - CATALOGING SOURCE
Transcribing agency
100 1# - MAIN ENTRY--PERSONAL NAME
Personal name Booth, Evangeline.
245 10 - TITLE STATEMENT
Title Papers on aggressive Christianity.
260 ## - PUBLICATION, DISTRIBUTION, ETC. (IMPRINT)
Place of publication, distribution, etc New York, NY., :
Name of publisher, distributor, etc The Salvation Army Headquarters
Date of publication, distribution, etc c1891
300 ## - PHYSICAL DESCRIPTION
Extent 163 p. ;
Dimensions 20 cm.
650 ## - SUBJECT ADDED ENTRY--TOPICAL TERM
Topical term or geographic name as entry element Witness Bearing (Christianity)
942 ## - ADDED ENTRY ELEMENTS (KOHA)
Source of classification or shelving scheme
Koha item type Books
Copies
Shelving location Permanent Location Source of classification or shelving scheme Full call number Copy number Lost status Koha item type Date acquired Date last seen Withdrawn status Barcode Damaged status Not for loan Current Location Price effective from
General StacksRHEMA Bible Training College BV 4520 .B5871 Books2010-04-142014-04-21 10980  RHEMA Bible Training College2010-04-14